01783nam a2200493 i 450000100060000000300090000600500170001500800390003201500180007102000150008903500230010403500360012703500140016303500210017703500170019803500230021503500440023804000280028204100130031008000150032308000080033810000260034624501770037224600550054925000220060426000430062630000590066933600270072833700540075533800280080938000160083738800140085338800140086749000280088165000270090965000300093665000390096665800340100570000420103970000430108171000330112483000340115785600980119130870KOSZ 00520250722063908.0970510s1995 pl a f |000 0 pol aUWD 1995/8764 a8301114134 a991000120769705066 a(PL-WaBN)b10078150-48omnis_nlop ab10078150 a(OCoLC)830050981 azz2006844726 a(PL)b0000001007815 a(EXLNZ-48OMNIS_NETWORK)9910015204105606 aWA NcWA NdKOSZ 005/EG1 apolheng a658.14/.17 a6571 aTracy, John A.eAutor10aSprawozdania finansowe firm /cJohn A. Tracy ; [rozdz. 1-16 przetł. z ang. Witold Jurek, rozdz. 17-24 przetł. Jacek Mizerka] ; Fundacja Edukacyjna Przedsiębiorczości.1 iTyt. oryg.:aHow to read a financial report,f1989 a[Wyd. 1., dodr.]. aWarszawa :bWydaw. Naukowe PWN,c1995. a144, [2] s., [18] s. tabl. złoż. :bwykr. ;c21 cm. aTekstbtxt2rdacontent aBez urządzenia pośredniczącegobn2rdamedia aWoluminbnc2rdacarrier aKsiążki a1901-2000 a1989-20001 aPrzedsiębiorczość 7aBilans księgowy2DBN 7aKalkulacja kosztów2DBN 7aSprawozdawczość finansowa2DBN aGospodarka, ekonomia, finanse1 aJurek, Witoldd(1949- )eTłumaczenie1 aMizerka, Jacekd(1958- )eTłumaczenie2 aWydawnictwo Naukowe PWN4pbl 0aPrzedsiębiorczość (PWN) uhttp://koha.tu.koszalin.pl/cgi-bin/koha/opac-detail.pl?biblionumber=30870yKatalog online BPK